书目信息 |
| 题名: |
建筑设备设计施工图集.电气工程 下册
|
|
| 作者: | 图集编绘组 编 | |
| 分册: | ||
| 出版信息: | 北京 中国建材工业出版社 2000.01 |
|
| 页数: | 680页 | |
| 开本: | 16开 | |
| 丛书名: | ||
| 单 册: | ||
| 中图分类: | TU85-64 | |
| 科图分类: | ||
| 主题词: | 房屋建筑设备:机电设备 | |
| 电子资源: | ||
| ISBN: | 7-80090-979-4 | |
| 000 | 00632nam0 2200193 45 | |
| 001 | 0006211703 | |
| 005 | 20001204104141.0 | |
| 010 | @a7-80090-979-4@d99.00元 | |
| 100 | @a20000621d2000 km y0chiy0120 ea | |
| 101 | 0 | @achi |
| 105 | @a z 000yy | |
| 200 | 1 | @a建筑设备设计施工图集.电气工程 下册@AJian Zhu She Bei She Ji Shi Gong Tu Ji.Dian Qi Gong Cheng Xia Ce@f图集编绘组编@FTu Ji Bian Hui Zu Bian |
| 210 | @a北京@c中国建材工业出版社@d2000.01 | |
| 215 | @a680页@d16开 | |
| 606 | 0 | @a房屋建筑设备:机电设备 |
| 690 | @aTU85-64@v3 | |
| 701 | 0 | @a图集编绘组@4编 |
| 801 | @aCN@bPftUser@c20000621 | |
| 905 | @dTU85-64@eT:061:2@b512940@f1 | |
| 建筑设备设计施工图集.电气工程 下册/图集编绘组编.-北京:中国建材工业出版社,2000.01 |
| 680页;16开 |
| ISBN 7-80090-979-4:99.00元 |
| ● |
| 相关链接 |
|
|
|
正题名:建筑设备设计施工图集·电气工程下册
索取号:TU85-64/T:061:2
 
预约/预借
| 序号 | 登录号 | 条形码 | 馆藏地/架位号 | 状态 | 备注 |
| 1 | 329114 | 203291142 | 建筑库201/201建筑库 54排4列4层/ [索取号:TU85-64/T:061:2] | 在馆 | |
| 2 | 502810 | 205028101 | 建筑库201/201建筑库 54排4列4层/ [索取号:TU85-64/T:061:2] | 在馆 | |
| 3 | 507760 | 205077600 | 建筑库201/201建筑库 54排4列4层/ [索取号:TU85-64/T:061:2] | 在馆 | |
| 4 | 512940 | 205129403 | 建筑库201/201建筑库 54排4列4层/ [索取号:TU85-64/T:061:2] | 在馆 |